Reflexiones sobre el control internacional de las drogas (Registro nro. 4122)
[ vista simple ]
| 000 -CABECERA | |
|---|---|
| campo de control de longitud fija | 00591nam a22002057a 4500 |
| 005 - FECHA Y HORA DE ACTUALIZACIÓN | |
| campo de control | 20161020092642.0 |
| 008 - LONGITUD FIJA | |
| campo de control de longitud fija | 150324b xxu||||| |||| 00| 0 spa d |
| 041 ## - IDIOMA | |
| Código de idioma del texto/pista de sonido o título separado | |
| 082 ## - CLASIFICACIÓN DECIMAL DEWEY | |
| Número de clasificación | 364.106 R332r |
| 245 ## - TÍTULO PROPIAMENTE DICHO | |
| Título | Reflexiones sobre el control internacional de las drogas |
| 260 ## - PIE DE IMPRENTA | |
| Lugar de publicación, distribución, etc. | México |
| Nombre del editor, distribuidor, etc. | Fondo de Cultura Económica |
| Fecha de publicación, distribución, etc. | 1997 |
| 300 ## - DESCRIPCIÓN FÍSICA | |
| Extensión | 116 páginas |
| 650 ## - Materia General | |
| Materia general | DROGAS |
| 650 ## - Materia General | |
| Materia general | CRIMEN ORGANIZADO |
| 650 ## - Materia General | |
| Materia general | CONTROL DE DROGAS |
| 650 ## - Materia General | |
| Materia general | LAVADO DE DINERO |
| 650 ## - Materia General | |
| Materia general | FUERZA DE TRABAJO |
| 650 ## - Materia General | |
| Materia general | TRABAJO DE DROGAS |
| 942 ## - Punto de Acceso Adicional Koha | |
| Tipo de ítem Koha | Libro |
No hay ítems disponibles.